Rivals in History - Statistics

General Stats
  • This quiz has been taken 32 times
  • The average score is 6 of 14
Answer Stats
Hint Answer % Correct
Leon Trotsky Joseph Stalin
79%
Aaron Burr Alexander Hamilton
76%
Chiang Kai-shek Mao
72%
Lionel Messi Cristiano Ronaldo
66%
Thomas Edison Nikola Tesla
66%
John F. Kennedy Richard Nixon
59%
Mark Antony Augustus
55%
Arthur Wellesley Napoleon Bonaparte
52%
Sylvester Stallone Arnold Schwarzenegger
41%
Caeasar Pompey
34%
Gottfried W. Leibniz Isaac Newton
28%
Frederick II of Prussia Maria Theresa of Austria
3%
Elizabeth I Mary Stuart
3%
Francisco Madero Porfirio Diaz
3%
No matching quizzes found
Score Distribution
Percent of People with Each Score
Percentile by Number Answered
Your Score History
You have not taken this quiz